<?xml version="1.0" encoding="UTF-8"?>
<record
    xmlns:xsi="http://www.w3.org/2001/XMLSchema-instance"
    xsi:schemaLocation="http://www.loc.gov/MARC21/slim http://www.loc.gov/standards/marcxml/schema/MARC21slim.xsd"
    xmlns="http://www.loc.gov/MARC21/slim">

  <leader>03874njm a2200577Ia 4500</leader>
  <controlfield tag="001">23971</controlfield>
  <controlfield tag="003">IT-RoPAU</controlfield>
  <controlfield tag="005">20220918181209.0</controlfield>
  <controlfield tag="008">131025s9999    xx            000 0 und d</controlfield>
  <datafield tag="040" ind1=" " ind2=" ">
    <subfield code="a">IT-RoPAU</subfield>
  </datafield>
  <datafield tag="040" ind1=" " ind2=" ">
    <subfield code="c">IT-RoPAU</subfield>
  </datafield>
  <datafield tag="041" ind1=" " ind2=" ">
    <subfield code="a">ITALIANO</subfield>
  </datafield>
  <datafield tag="999" ind1=" " ind2=" ">
    <subfield code="c">103649</subfield>
    <subfield code="d">103649</subfield>
  </datafield>
  <datafield tag="999" ind1=" " ind2=" ">
    <subfield code="b">n.d.</subfield>
  </datafield>
  <datafield tag="100" ind1=" " ind2=" ">
    <subfield code="a">AA.VV.</subfield>
    <subfield code="9">794</subfield>
  </datafield>
  <datafield tag="100" ind1=" " ind2=" ">
    <subfield code="e">Autore musica</subfield>
    <subfield code="9">7927</subfield>
  </datafield>
  <datafield tag="100" ind1=" " ind2=" ">
    <subfield code="g">Codice autore musica SPICS: 12000</subfield>
    <subfield code="9">796</subfield>
  </datafield>
  <datafield tag="245" ind1=" " ind2=" ">
    <subfield code="a">Italia mia il nostro folklore regione per regione (Lp St 72018)</subfield>
  </datafield>
  <datafield tag="250" ind1=" " ind2=" ">
    <subfield code="a">1a ed.</subfield>
  </datafield>
  <datafield tag="260" ind1=" " ind2=" ">
    <subfield code="a">MILANO</subfield>
  </datafield>
  <datafield tag="260" ind1=" " ind2=" ">
    <subfield code="b">RI - FI RECORD COMPANY</subfield>
    <subfield code="c">1980 [1a Ed.:1974]</subfield>
  </datafield>
  <datafield tag="300" ind1=" " ind2=" ">
    <subfield code="a">DISCO</subfield>
  </datafield>
  <datafield tag="300" ind1=" " ind2=" ">
    <subfield code="c">42 minuti (Testo:  pag.)</subfield>
  </datafield>
  <datafield tag="500" ind1=" " ind2=" ">
    <subfield code="a">Canzoni italiane folkloristiche delle varie regioni italiane. Musica folk.</subfield>
  </datafield>
  <datafield tag="505" ind1=" " ind2=" ">
    <subfield code="a">Vola, vola, vola (4:00) - Calabrisella (4:00) - La porti un bacione a Firenze (4:00) - Lu braccial (3:00) - Bela Bulagna (3:00) - Senza un quattrin: ma come bali bene bella bimba (3:00) - Funicul&#xEC; funicul&#xE0; (3:00) - Ma se ghe pensu (4:00) - Ciuri ciuri (3:00) - O mia bela Madunina (3:00) - Romagna mia (3:00) - Ciao Turin (3:00) - I and' a mir onnai (4:00) - Nann&#xEC; [('Na gita a li castelli) (3:00)]</subfield>
  </datafield>
  <datafield tag="511" ind1=" " ind2=" ">
    <subfield code="a">Piccolo Coro dell'Antoniano diretto da Mariele Ventre</subfield>
  </datafield>
  <datafield tag="511" ind1=" " ind2=" ">
    <subfield code="a">Direttore d'orchestra: Martelli G.B.</subfield>
  </datafield>
  <datafield tag="650" ind1=" " ind2=" ">
    <subfield code="a">POPOLARE [DISCHI]</subfield>
    <subfield code="e">Codice MATERIA SPICS: 9950</subfield>
    <subfield code="9">7928</subfield>
  </datafield>
  <datafield tag="700" ind1=" " ind2=" ">
    <subfield code="a">Piccolo Coro dell'Antoniano</subfield>
    <subfield code="d">Codice interprete SPICS: 14061</subfield>
    <subfield code="e">Interprete</subfield>
    <subfield code="9">7929</subfield>
  </datafield>
  <datafield tag="700" ind1=" " ind2=" ">
    <subfield code="a">Albanese Francesco</subfield>
    <subfield code="d">Codice autore musica SPICS: 13467</subfield>
    <subfield code="e">Autore musica</subfield>
    <subfield code="p">Vola, vola, vola</subfield>
    <subfield code="9">7930</subfield>
  </datafield>
  <datafield tag="700" ind1=" " ind2=" ">
    <subfield code="a">Dommarco</subfield>
    <subfield code="d">Codice autore testo/musica SPICS: 14229</subfield>
    <subfield code="e">Autore testo/musica</subfield>
    <subfield code="p">Vola, vola, vola</subfield>
    <subfield code="9">7931</subfield>
  </datafield>
  <datafield tag="700" ind1=" " ind2=" ">
    <subfield code="a">Anonimo</subfield>
    <subfield code="d">Codice autore musica SPICS: 2620</subfield>
    <subfield code="e">Autore musica</subfield>
    <subfield code="p">Calabrisella - Senza un quattrin: ma come bali bene bella bimba</subfield>
    <subfield code="9">7932</subfield>
  </datafield>
  <datafield tag="700" ind1=" " ind2=" ">
    <subfield code="a">Profazio Otello</subfield>
    <subfield code="d">Codice autore SPICS: 13231</subfield>
    <subfield code="e">Autore</subfield>
    <subfield code="p">Calabrisella</subfield>
    <subfield code="9">7933</subfield>
  </datafield>
  <datafield tag="700" ind1=" " ind2=" ">
    <subfield code="a">Spadaro Odoardo</subfield>
    <subfield code="d">Codice autore musica SPICS: 1159</subfield>
    <subfield code="e">Autore musica</subfield>
    <subfield code="p">La porti un bacione a Firenze</subfield>
    <subfield code="9">7934</subfield>
  </datafield>
  <datafield tag="700" ind1=" " ind2=" ">
    <subfield code="a">Mancino M.</subfield>
    <subfield code="d">Codice autore musica SPICS: 14240</subfield>
    <subfield code="e">Autore musica</subfield>
    <subfield code="p">Lu braccial</subfield>
    <subfield code="9">7935</subfield>
  </datafield>
  <datafield tag="700" ind1=" " ind2=" ">
    <subfield code="a">Marcheselli L.</subfield>
    <subfield code="d">Codice autore musica SPICS: 14241</subfield>
    <subfield code="e">Autore musica</subfield>
    <subfield code="p">Bela Bulagna</subfield>
    <subfield code="9">7936</subfield>
  </datafield>
  <datafield tag="700" ind1=" " ind2=" ">
    <subfield code="a">Mingozzi O.</subfield>
    <subfield code="d">Codice autore testo/musica SPICS: 14242</subfield>
    <subfield code="e">Autore testo/musica</subfield>
    <subfield code="p">Bela Bulagna</subfield>
    <subfield code="9">7937</subfield>
  </datafield>
  <datafield tag="700" ind1=" " ind2=" ">
    <subfield code="a">Mojoli F.Ranco</subfield>
    <subfield code="d">Codice autore musica SPICS: 14243</subfield>
    <subfield code="e">Autore musica</subfield>
    <subfield code="p">Senza un quattrin: ma come bali bene bella bimba - I and' a mir onnai</subfield>
    <subfield code="9">7938</subfield>
  </datafield>
  <datafield tag="700" ind1=" " ind2=" ">
    <subfield code="a">Martelli G.Bruno</subfield>
    <subfield code="d">Codice autore testo/musica SPICS: 14244</subfield>
    <subfield code="e">Autore testo/musica</subfield>
    <subfield code="p">Senza un quattrin: ma come bali bene bella bimba - I and' a mir onnai</subfield>
    <subfield code="9">7939</subfield>
  </datafield>
  <datafield tag="700" ind1=" " ind2=" ">
    <subfield code="a">Turco G.</subfield>
    <subfield code="d">Codice autore musica SPICS: 14023</subfield>
    <subfield code="e">Autore musica</subfield>
    <subfield code="p">Funicul&#xEC; funicul&#xE0;</subfield>
    <subfield code="9">7940</subfield>
  </datafield>
  <datafield tag="700" ind1=" " ind2=" ">
    <subfield code="a">Denza L.</subfield>
    <subfield code="d">Codice autore testo/musica SPICS: 13907</subfield>
    <subfield code="e">Autore testo/musica</subfield>
    <subfield code="p">Funicul&#xEC; funicul&#xE0;</subfield>
    <subfield code="9">7941</subfield>
  </datafield>
  <datafield tag="700" ind1=" " ind2=" ">
    <subfield code="a">Capello Lorenzo</subfield>
    <subfield code="d">Codice autore musica SPICS: 13189</subfield>
    <subfield code="e">Autore musica</subfield>
    <subfield code="p">Ma se ghe pensu</subfield>
    <subfield code="9">7942</subfield>
  </datafield>
  <datafield tag="700" ind1=" " ind2=" ">
    <subfield code="a">Marguitti</subfield>
    <subfield code="d">Codice autore testo/musica SPICS: 14277</subfield>
    <subfield code="e">Autore testo/musica</subfield>
    <subfield code="p">Ma se ghe pensu</subfield>
    <subfield code="9">7943</subfield>
  </datafield>
  <datafield tag="700" ind1=" " ind2=" ">
    <subfield code="a">Alberti V.</subfield>
    <subfield code="d">Codice autore musica SPICS: 14278</subfield>
    <subfield code="e">Autore musica</subfield>
    <subfield code="p">Ciuri ciuri</subfield>
    <subfield code="9">7944</subfield>
  </datafield>
  <datafield tag="700" ind1=" " ind2=" ">
    <subfield code="a">Privitera I.</subfield>
    <subfield code="d">Codice autore testo/musica SPICS: 14279</subfield>
    <subfield code="e">Autore testo/musica</subfield>
    <subfield code="p">Ciuri ciuri</subfield>
    <subfield code="9">7945</subfield>
  </datafield>
  <datafield tag="700" ind1=" " ind2=" ">
    <subfield code="a">D'Anzi Giovanni</subfield>
    <subfield code="d">Codice autore testo/musica SPICS: 13458</subfield>
    <subfield code="e">Autore testo/musica</subfield>
    <subfield code="p">O mia bela Madunina</subfield>
    <subfield code="9">7946</subfield>
  </datafield>
  <datafield tag="700" ind1=" " ind2=" ">
    <subfield code="a">Casadei Secondo</subfield>
    <subfield code="d">Codice autore testo/musica SPICS: 7935</subfield>
    <subfield code="e">Autore testo/musica</subfield>
    <subfield code="p">Romagna mia</subfield>
    <subfield code="9">7947</subfield>
  </datafield>
  <datafield tag="700" ind1=" " ind2=" ">
    <subfield code="a">Prato Carlo</subfield>
    <subfield code="d">Codice autore musica SPICS: 13381</subfield>
    <subfield code="e">Autore musica</subfield>
    <subfield code="p">Ciao Turin</subfield>
    <subfield code="9">7948</subfield>
  </datafield>
  <datafield tag="700" ind1=" " ind2=" ">
    <subfield code="a">Lampugnani</subfield>
    <subfield code="d">Codice autore testo/musica SPICS: 14280</subfield>
    <subfield code="e">Autore testo/musica</subfield>
    <subfield code="p">Ciao Turin</subfield>
    <subfield code="9">7949</subfield>
  </datafield>
  <datafield tag="700" ind1=" " ind2=" ">
    <subfield code="a">Silvestri Franco</subfield>
    <subfield code="d">Codice autore testo/musica SPICS: 13543</subfield>
    <subfield code="e">Autore testo/musica</subfield>
    <subfield code="p">Nann&#xEC; ('Na gita a li castelli)</subfield>
    <subfield code="9">7950</subfield>
  </datafield>
  <datafield tag="942" ind1=" " ind2=" ">
    <subfield code="c">MD</subfield>
    <subfield code="2">ddc</subfield>
  </datafield>
  <datafield tag="952" ind1=" " ind2=" ">
    <subfield code="0">0</subfield>
    <subfield code="1">0</subfield>
    <subfield code="4">0</subfield>
    <subfield code="6">23971_000000000000000</subfield>
    <subfield code="7">1</subfield>
    <subfield code="a">SPICS</subfield>
    <subfield code="b">SPICS</subfield>
    <subfield code="d">2013-10-25</subfield>
    <subfield code="l">0</subfield>
    <subfield code="o">23971</subfield>
    <subfield code="r">2013-10-25 00:00:00</subfield>
    <subfield code="w">2013-10-25</subfield>
    <subfield code="y">MD</subfield>
    <subfield code="z">Progr. Ins.: 4818 / N.Vol.: 1 / Copie: 1 - Copia rara: n.d. / date import: 01.01.2014 - By Epidotti, Trombetti, Vaglietti</subfield>
  </datafield>
</record>
